000 02732nam a2200373 a 4500
001 000048491
003 DO-SdBPM
005 20250828121709.0
007 ta
008 190325s2014 dr a 000 p spa d
020 _a9789945484113
040 _aDO-SdBPM
_bspa
_cBPMSU
_drda
082 4 _aRD861.5
_bM578r 2014
_222
100 1 _aMesa, Darihel
_eautor
245 1 3 _aEl rostro de mi verso :
_bpoesía /
_cDarithel Mesa ; ilustraciones de Domingo Guzmán ; instructores Ramón Mesa, Ysabel Florentino, Jesús Cordero.
264 _aSan Cristóbal, República Dominicana :
_bFundación Literaria Aníbal Montaño, FLAM,
_c2014.
300 _a82 páginas :
_bilustraciones ;
_c22 cm.
336 _atexto
_btxt
_2rdacontent
337 _asin mediación
_bn
_2rdamedia
338 _avolumen
_bnc
_2rdacarrier
490 0 _aMarca provincia
_aNueva Literatura Infantil Dominicana.
500 _a"El poeta más joven del mundo." "Promoción 101 niños poetas de San Cristóbal"
505 0 _aEl rostro de mi verso --
_tNo me gusta --
_tEl perro y el gato --
_tEl perro y la hoja --
_tCrismelylin y la lluvia --
_tLa mariposa --
_tEl frío y la luz --
_tLlueve mi trueno --
_tLa pared y la ventana --
_tDibujo la habitación --
_tEl hombre --
_tEl amigo de Jonh --
_tEl río --
_tUna mujer --
_tQuiero dibujar una flor --
_tVoy a dibujar un pá jaro --
_tPoema de la isla --
_tCaperucita --
_tNo sé, quiero devolver la luz --
_tLa luz no quiere estar aquí --
_tNo quiere estar aquí --
_tSueño que arropa --
_tEn el caracol 1 --
_tEn el caracol 2 --
_tSueño que despierta --
_tEl río me lleva --
_tEl río 3 --
_tAlex es un indígena --
_tYo niego mi nombre --
_tLos ríos me caen atrás --
_tAquel niño que está parado allí 1--
_t2
_t3
_t4
_t5
_t6
_t7
_tYo no estoy para llorarle a la luz --
_tCuando mi cuaderno no me llora 1 y 2 --
_tTras del verso y una mujer --
_tEl raostro de mi verso --
_tApuntes para una lectura comprensiva de los Niños Poetas de San Cristóbol --
_tPedagogía y proceso creativo --
_tEducacion desde el vientre --
_tCuando surgen las palabras --
_tAlgunos cuentos motivadores --
_tAmbiente y hogar --
_tContexto social --
_tA manera de ejemplo (Salvado las distancias) --
_tLa educación formal --
_tSin misterios ni recetas (una actitud clave) --
_tEl primer poema de Darihel --
_tEl poeta más joven del mundo --
_tOtras actividades en las que ha participado --.
590 _aInventariado, 2025VM
650 7 _aPoesía infantil dominicana
650 7 _aLiteratura infantil dominicana
_v
700 1 _aMesa, Darihel
700 1 _aMesa, Ramón,
700 1 _aFlorentino, Ysabel,
_d1981-
700 1 _aCordero, Jesús
700 1 _aGuzmán, Domingo,
_eilustración
910 _aVMateo V. Control de calidad. BPMSU
942 _2ddc
_cBK
999 _c15356
_d15356